<?xml version="1.0" encoding="UTF-8"?>
<record
    xmlns:xsi="http://www.w3.org/2001/XMLSchema-instance"
    xsi:schemaLocation="http://www.loc.gov/MARC21/slim http://www.loc.gov/standards/marcxml/schema/MARC21slim.xsd"
    xmlns="http://www.loc.gov/MARC21/slim">

  <leader>01171cam a22002898i 4500</leader>
  <controlfield tag="003">IMU CC</controlfield>
  <controlfield tag="005">20260223115227.0</controlfield>
  <controlfield tag="008">210819s2022    enk      b    001 0 eng  </controlfield>
  <datafield tag="020" ind1=" " ind2=" ">
    <subfield code="a">9781032105819</subfield>
  </datafield>
  <datafield tag="040" ind1=" " ind2=" ">
    <subfield code="a">IMU CC</subfield>
  </datafield>
  <datafield tag="041" ind1="0" ind2=" ">
    <subfield code="a">eng</subfield>
  </datafield>
  <datafield tag="082" ind1="0" ind2="0">
    <subfield code="2">23</subfield>
    <subfield code="a">627.98</subfield>
    <subfield code="b">GOO</subfield>
  </datafield>
  <datafield tag="100" ind1="1" ind2=" ">
    <subfield code="a">Googan, Chris</subfield>
    <subfield code="e">author.</subfield>
    <subfield code="9">4197</subfield>
  </datafield>
  <datafield tag="245" ind1="1" ind2="0">
    <subfield code="a">Marine corrosion and cathodic protection /</subfield>
    <subfield code="c">Chris Googan.</subfield>
  </datafield>
  <datafield tag="250" ind1=" " ind2=" ">
    <subfield code="a">First edition.</subfield>
  </datafield>
  <datafield tag="260" ind1=" " ind2=" ">
    <subfield code="a">Abingdon, Oxon ;</subfield>
    <subfield code="b">CRC Press,</subfield>
    <subfield code="c">2022.</subfield>
  </datafield>
  <datafield tag="300" ind1=" " ind2=" ">
    <subfield code="a">xl, 520 p.:</subfield>
    <subfield code="b">hbk.;</subfield>
    <subfield code="c">26 cm.</subfield>
  </datafield>
  <datafield tag="336" ind1=" " ind2=" ">
    <subfield code="a">text</subfield>
    <subfield code="b">txt</subfield>
    <subfield code="2">rdacontent</subfield>
  </datafield>
  <datafield tag="504" ind1=" " ind2=" ">
    <subfield code="a">Includes bibliographical references and index.</subfield>
  </datafield>
  <datafield tag="520" ind1=" " ind2=" ">
    <subfield code="a">"This comprehensive practitioner guide presents CP theory to industry recognised codes for basic and advanced applications to metals, with an outline of subsea coating systems. It covers retrofitting and for internal applications, along with computational modelling, and the management of offshore CP systems"--</subfield>
  </datafield>
  <datafield tag="650" ind1=" " ind2="0">
    <subfield code="a">Offshore structures</subfield>
    <subfield code="x">Protection.</subfield>
    <subfield code="9">4198</subfield>
  </datafield>
  <datafield tag="650" ind1=" " ind2="0">
    <subfield code="a">Corrosion and anti-corrosives.</subfield>
    <subfield code="9">4199</subfield>
  </datafield>
  <datafield tag="650" ind1=" " ind2="0">
    <subfield code="a">Cathodic protection.</subfield>
    <subfield code="9">4200</subfield>
  </datafield>
  <datafield tag="650" ind1=" " ind2="0">
    <subfield code="a">Seawater corrosion.</subfield>
    <subfield code="9">4201</subfield>
  </datafield>
  <datafield tag="856" ind1=" " ind2=" ">
    <subfield code="y">BK</subfield>
  </datafield>
  <datafield tag="942" ind1=" " ind2=" ">
    <subfield code="c">BK</subfield>
    <subfield code="2">ddc</subfield>
  </datafield>
  <datafield tag="999" ind1=" " ind2=" ">
    <subfield code="c">10327</subfield>
    <subfield code="d">10327</subfield>
  </datafield>
  <datafield tag="952" ind1=" " ind2=" ">
    <subfield code="0">0</subfield>
    <subfield code="1">0</subfield>
    <subfield code="2">ddc</subfield>
    <subfield code="4">0</subfield>
    <subfield code="7">0</subfield>
    <subfield code="a">IMUU</subfield>
    <subfield code="b">IMUU</subfield>
    <subfield code="c">GEN</subfield>
    <subfield code="d">2025-10-29</subfield>
    <subfield code="e">M/s.Shanti Books; 2603 Dt.03.10.2025</subfield>
    <subfield code="g">18664.00</subfield>
    <subfield code="l">0</subfield>
    <subfield code="o">627.98 GOO</subfield>
    <subfield code="p">23967</subfield>
    <subfield code="r">2025-10-29 11:07:49</subfield>
    <subfield code="w">2025-10-29</subfield>
    <subfield code="y">RT</subfield>
  </datafield>
</record>
